| 000 | 01555nam a22004577a 4500 | ||
|---|---|---|---|
| 001 | 000095134 | ||
| 003 | CHAP | ||
| 005 | 20220329143058.0 | ||
| 008 | 060125d2004 mx r 00110 spa d | ||
| 010 | _a91600 | ||
| 011 | _a92572 | ||
| 020 | _a9707530324 | ||
| 035 | _a103137 | ||
| 040 | _cCHAP | ||
| 090 | _aFolleto 17126 | ||
| 100 | 0 | 0 |
_aJáuregui, Jesús. _961738 |
| 245 | 1 | 0 |
_aCoras / _c/por Jesús Jáuregui. |
| 260 |
_aMéxico, D. F. : _bComisión Nacional para el Desarrollo de los Puelos Indígenas, _c2004. |
||
| 300 |
_a47 p. : _bilus. |
||
| 410 | 0 | 0 | _aPueblos Indígenas del México Contemporáneo |
| 590 |
_aBATCH-UPD _b10 _c20130110 _lUCH01 _h0630 |
||
| 590 |
_aBATCH-UPD _b10 _c20130110 _lUCH01 _h2311 |
||
| 590 |
_aBATCH-UPD _b10 _c20130410 _lUCH01 _h0313 |
||
| 590 |
_aBATCH-UPD _b10 _c20130914 _lUCH01 _h1632 |
||
| 590 |
_aBATCH-UPD _b10 _c20140827 _lUCH01 _h0949 |
||
| 590 |
_aBATCH-UPD _b10 _c20140903 _lUCH01 _h0944 |
||
| 590 |
_aCONVERSION _b10 _c20130109 _lUCH01 _h1351 |
||
| 590 |
_aE11695DGD _b10 _c20140903 _lUCH01 _h0944 |
||
| 650 | 1 | 4 |
_aCoras _xEconomía. _9128235 |
| 650 | 1 | 4 |
_aCoras _xHistoria. _9128236 |
| 650 | 1 | 4 |
_aCoras _xOrganizacaión social. _9128233 |
| 650 | 1 | 4 |
_aCoras _xReligión y mitología. _9128234 |
| 650 | 1 | 4 |
_aCoras _xVidas social y costumbres. _9128232 |
| 650 | 1 | 4 |
_aIndios de Nayarit _xCoras. _9128231 |
| 830 | 0 |
_aPueblos Indígenas del México Contemporáneo _992892 |
|
| 901 | _aBK | ||
| 905 | _aLilia | ||
| 942 | _cFOLL | ||
| 942 | _n0 | ||
| 949 |
_aFolleto 17126 _bBC _cFOLL _d33724000968350 _eTS1 _i103137 _sb |
||
| 999 |
_c91600 _d91600 |
||